20 meilleurs buteurs de La Liga - Statistiques

Statistiques générales
  • Ce quiz a été pris 157 fois
  • Le résultat moyen est 8 sur 20
Statistiques - réponses
Classement Nationalité Club Joueurs Nombre de Buts % Correct
Numéro 2 Portugais Réal Madrid Cristiano Ronaldo 311
100%
Numéro 1 Argentin FC Barcelone Lionel Messi 474
100%
Numéro 4 Français Réal Madrid Karim Benzema 238
93%
Numéro 16 Uruguayen FC BarceloneAtletico Madrid Luis Suarez 176
79%
Numéro 12 Français Real SociedadFC Barcelone Atletico Madrid Antoine Griezmann 193
73%
Numéro 6 Espagnol Réal Madrid Raul 228
72%
Numéro 17 Camerounais Réal MadridMajorque FC Barcelone Samuel Eto'o 162
64%
Numéro 5 Mexicain Atletico MadridRéal Madrid Rayo Velcano Hugo Sanchez 234
39%
Numéro 7 Espagnol Réal MadridRCD Espanol Alfredo Di Stefano 227
36%
Numéro 19 Espagnol Celta VigoSeville Iago Aspas 159
34%
Numéro 20 Espagnol Athletic Bilbao
Majorque
Valence
Aritz Aduriz 158
33%
Numéro 14 Espagnol SaragosaValence FC Barcelone Atletico Madrid David Villa 185
18%
Numéro 8 Espagnol GranadaFC Barcelone Leonesa Elche CF César Rodriguez 221
7%
Numéro 3 Espagnol Athletic Bilbao Telmo Zarra 254
3%
Numéro 18 Espagnol Real OviedoReal Betis Atletico Madrid Luis Aragones 160
2%
Numéro 13 Espagnol Réal Madrid Santillana 186
2%
Numéro 9 Espagnol Sporting GijonFC Barcelone Quini 219
1%
Numéro 15 Espagnol Athletic BilbaoValence Guillermo Gorostiza 183
0%
Numéro 11 Espagnol ValenceAlcoyano Mundo 195
0%
Numéro 10 Espagnol Celta VigoRéal Madrid RC Deportivo Pahino 214
0%
Aucun quiz correspondant
Distribution des résultats
% des personnes avec chaque résultat
Percentile par nombre de réponses
Votre historique - résultats
Vous n’avez pas pris ce quiz